00369nam a22001457a 450000500170000001000130001702000150003003500130004503700220005808200080008010000220008824500380011026000350014830000400018320190525165057.0 aB-088311 a8187879009 aB-088311 bAakar Publication a954 aBouton, Marashall aIndia Briefing /cMarshall Bouton aDelhibAakar Publicationc2001 a324p (it inculde index)c24cm (hbk)